000 01535nam2a22002291 4500
001 rc\700219
005 20250621222800.0
035 _a(NLR Aleph) 005954746
090 _a6796196
_c6796196
100 _a20031121d1985 |||y0rusy50 ca
101 0 _arus
102 _aRU
105 _ay |||||||||
200 0 _aЧ. 1
210 _d1985
_aБ. м.
215 _a130 с.
461 0 _1001rc\700218
_12001#$aСовершенствование стиля и методов руководства общеобразовательной школой и улучшение деятельности ФППК организаторов народного образования в условиях осуществления школьной реформы$eТез. докл. к краев. науч.-практ. конф.$f[Редкол.: Тырышкин В.Н. (отв. ред.) и др.]$vЧ. 1
_96796188
_cБарнаул
_d1985-
_f[Редкол.: Тырышкин В.Н. (отв. ред.) и др.]
_nБГПИ
_oТез. докл. к краев. науч.-практ. конф.
_tСовершенствование стиля и методов руководства общеобразовательной школой и улучшение деятельности ФППК организаторов народного образования в условиях осуществления школьной реформы
_vЧ. 1
801 0 _aRU
_bNLR
_gpsbo
801 1 _aRU
_bELAR
_2rusmarc
852 _aNLR
_j85-3/10877
942 _cBOOK
980 _aNB